000 01144nam a22003497a 4500
003 CHAP
005 20220329141147.0
008 971010s1990 r 00010 d
010 _a63635
011 _a64607
035 _a70341
040 _cCHAP
090 _aTesis
100 0 0 _aOlivares Subías, Nicolás.
_983062
245 _aEstudio de la agroindustria quesera en la costa de Chiapas
260 _aChapingo, Méx. :
_bEl autor,
_c1990
300 _a105 h.
502 _aTesis (Ing. Agroindustrial). -- UACH. Departamento de Ingeniería Agroindustrial
590 _aALEPH
_b10
_c20130110
_lUCH01
_h1346
590 _aBATCH-UPD
_b10
_c20130110
_lUCH01
_h1111
590 _aBATCH-UPD
_b10
_c20130410
_lUCH01
_h0703
590 _aBATCH-UPD
_b10
_c20130914
_lUCH01
_h1948
590 _aCONVERSION
_b10
_c20130109
_lUCH01
_h1334
650 1 4 _aQueso.
_993221
650 1 4 _aQueso
_xProcesado.
_993233
901 _aBK
942 _cFOLL
949 _bBC
_cTES
_d-19784
_eTS1
_h22835
_i70341
_si
949 _bBC
_cTES
_d-19785
_eTS2
_fc.2
_h22836
_i70341
_si
949 _bIA
_cTES
_d-2692
_eTS1
_i70341
_si
949 _bIA
_cTES
_d-52448
_eTS2
_fc.2
_i70341
_si
999 _c63635
_d63635